Guess the Billie Eilish song (no hints) #4 - Statistics

General Stats
  • This quiz has been taken 859 times
  • The average score is 126 of 243
Answer Stats
Hint Answer % Correct
I
100%
(I
100%
You
96%
you
96%
a
94%
the
83%
me
79%
Your
76%
your
76%
my
74%
in
70%
I'm
69%
on
63%
don't
62%
you're
62%
not
61%
see
60%
is
59%
should
56%
by
55%
crown
55%
Crown
55%
one
51%
One
51%
for
50%
like
48%
they
48%
If
46%
this
45%
Watch
45%
think
44%
all
42%
say
42%
mine
40%
way
40%
eyes
39%
make
39%
okay
39%
gonna
38%
or
38%
time
38%
baby,
37%
baby
37%
Lyrics Bite
37%
favourite
37%
town
37%
nothing
36%
ocean
36%
over,
36%
sound
36%
them
36%
tongue
36%
"Come
35%
'em
34%
pretty"
34%
pretty
34%
run
34%
silence
34%
Tell
33%
fall
31%
Wait
31%
scream
30%
sign
29%
these
29%
'til
29%
Wearing
29%
world
29%
Fell
28%
first
28%
warning
28%
dying
27%
Living
27%
which
27%
bow
26%
kingdom
26%
worse
26%
Bide
24%
inside
24%
Blood
23%
Cold
23%
vandalise
23%
Visions
23%
Sleeping
22%
dream)
21%
size
21%
wall
21%
marble
20%
cards
15%
hearse
15%
Count
14%
No matching quizzes found
Score Distribution
Percent of People with Each Score
Percentile by Number Answered
Your Score History
You have not taken this quiz